Valorant Locations - Statistics

General Stats
  • This quiz has been taken 117 times
  • The average score is 6 of 10
Answer Stats
Picture Answer % Correct
Garage
81%
Heaven
81%
Kitchen
79%
Tree
76%
Hookah
73%
Catwalk
52%
Vents
51%
Art
50%
Dish
41%
Halls
32%
No matching quizzes found
Score Distribution
Percent of People with Each Score
Percentile by Number Answered
Your Score History
You have not taken this quiz